logo

Bir Sreshtho Munshi Abdur Rouf Library
Jhenaidah Cadet College

The divine comedy, Purgatorio : (Record no. 10440)

MARC details
000 -LEADER
fixed length control field 00679cam a2200241 4500
001 - CONTROL NUMBER
JCCL Control Number 10440
003 - CONTROL NUMBER IDENTIFIER
JCCL marc code BD-JhCC
005 - DATE AND TIME OF LATEST TRANSACTION
control field 20180426182018.0
008 - FIXED-LENGTH DATA ELEMENTS--GENERAL INFORMATION
fixed length control field 180426s1971 enk 000 0 ita d
020 ## - INTERNATIONAL STANDARD BOOK NUMBER
International Standard Book Number 822003945
035 ## - SYSTEM CONTROL NUMBER
system control number (OCoLC)ocm16192144
-- (BD-JhCC)10440
040 ## - CATALOGING SOURCE
Original cataloging agency UKM
Transcribing agency UKM
Modifying agency OCL
-- BD-JhCC
041 0# - LANGUAGE CODE
Language code of Book eng
082 0# - DEWEY DECIMAL CLASSIFICATION NUMBER
Classification number 851/.1
DDC Edition number 18
Author mark and Year PRI 1971
100 0# - MAIN ENTRY--PERSONAL NAME
Personal name Priest, Harold Martin
245 14 - TITLE STATEMENT
Title The divine comedy, Purgatorio :
Remainder of title notes ... /
Statement of responsibility, etc Harold Martin Priest,
260 ## - PUBLICATION, DISTRIBUTION, ETC. (IMPRINT)
Place of publication, distribution, etc London :
Name of publisher, distributor, etc Cliffs Notes, Inc.,
Date of publication, distribution, etc 1971.
300 ## - PHYSICAL DESCRIPTION
Pagination 121 p. ;
Dimensions 21 cm.
600 ## - SUBJECT ADDED ENTRY--PERSONAL NAME
Personal name Purgatorio (Dante Alighieri)
650 #0 - SUBJECT ADDED ENTRY--TOPICAL TERM
Topical term or geographic name as entry element Examinations
942 ## - ADDED ENTRY ELEMENTS (KOHA)
Source of classification or shelving scheme Dewey Decimal Classification
Koha item type Books
Holdings
Source of classification or shelving scheme Damaged status Not for loan Home library Current library Shelving location Total Checkouts Full call number Barcode Date last seen Copy number Koha item type
Dewey Decimal Classification     JCC Rouf Library JCC Rouf Library General Stacks   851/.1 PRI 1971 13886 04/26/2018 C-1 Books
Dewey Decimal Classification     JCC Rouf Library JCC Rouf Library General Stacks   851/.1 PRI 1971 13885 04/26/2018 C-2 Books

JCC Library | Contacts | JCC Home

Last Update on 23 September 2017
Copyright @ 2017-2020 JCC Rouf Library
Rouf Library, Jhenidah Cadet College (JCC), Bangladesh